| 000 | 00628nam a22001937a 4500 | ||
|---|---|---|---|
| 003 | OSt | ||
| 005 | 20260114041705.0 | ||
| 008 | 260114b |||||||| |||| 00| 0 eng d | ||
| 020 | _a981-06-9800-3. | ||
| 040 |
_aDWCL-Main lib _cOC |
||
| 082 |
_25th edition _aCirc. 005.74 El48f 2007 |
||
| 100 | _aElmasri, Ramez | ||
| 245 |
_aFundamentals of database systems _cElmassri, Ramez |
||
| 260 |
_aSingapore : _bPearson Education South Asia Pte Ltd, _cc2007. |
||
| 300 |
_axxviii, 1123 pages : _billustration ; _c23 cm. |
||
| 650 | _21. Database management. | ||
| 700 | _aNavathe, Shamkant B. | ||
| 942 |
_2ddc _cBK-CIRC _e5th ed. _kCirc. _n0 |
||
| 999 |
_c7376 _d7376 |
||